La poesía es un arma cargada de Celaya : (Record no. 181888)

MARC details
000 -LEADER
campo de control de longitud fija 00877nam a2200241 i 4500
001 - NÚMERO DE CONTROL
campo de control 181888
003 - IDENTIFICADOR DE NÚMERO DE CONTROL
campo de control ES-MaACL
005 - FECHA Y HORA DE LA ÚLTIMA TRANSACCIÓN
campo de control 20250728141729.0
008 - DATOS DE LONGITUD FIJA--INFORMACIÓN GENERAL
campo de control de longitud fija 130506s2011 sp a | |||||||| | spa d
020 ## - NÚMERO INTERNACIONAL ESTÁNDAR DEL LIBRO
Número Internacional Estándar del Libro 978-84-615-2974-2
080 ## - NÚMERO DE LA CLASIFICACIÓN DECIMAL UNIVERSAL
Número de la Clasificación Decimal Universal 929 Celaya, Gabriel
080 ## - NÚMERO DE LA CLASIFICACIÓN DECIMAL UNIVERSAL
Número de la Clasificación Decimal Universal 821.134.2-14"19"(082.2)
245 03 - MENCIÓN DEL TÍTULO
Título La poesía es un arma cargada de Celaya :
Resto del título centenario de Gabriel Celaya : 1911-2011 /
Mención de responsabilidad, etc. [Marcos Ana ... et al.].
260 ## - PUBLICACIÓN, DISTRIBUCIÓN, ETC.
Lugar de publicación, distribución, etc. Sevilla :
Nombre del editor, distribuidor, etc. Atrapasueños,
Fecha de publicación, distribución, etc. D.L. 2011.
300 ## - DESCRIPCIÓN FÍSICA
Extensión 102 p. :
Otras características físicas il., 1 retr. ;
Dimensiones 21 cm.
600 14 - PUNTO DE ACCESO ADICIONAL DE MATERIA--NOMBRE DE PERSONA
Nombre de persona Celaya, Gabriel,
Fechas asociadas al nombre 1911-1991
9 (RLIN) 37346
650 #4 - PUNTO DE ACCESO ADICIONAL DE MATERIA--TÉRMINO DE MATERIA
Término de materia o nombre geográfico como elemento de entrada Poesías españolas-
Subdivisión cronológica S.XX.
9 (RLIN) 16221
700 1# - ENTRADA AGREGADA--NOMBRE PERSONAL
Nombre de persona Ana, Marcos,
Fechas asociadas al nombre 1920-2016
9 (RLIN) 21357
700 1# - ENTRADA AGREGADA--NOMBRE PERSONAL
Nombre de persona Celaya, Gabriel,
Fechas asociadas al nombre 1911-1991
9 (RLIN) 37346
852 ## - LOCALIZACIÓN
Ubicación ES-MaACL
Número de control de estantería A-12597
itemnumber 188796
Sublocalización o colección R.148597
Ubicación en estantería Depósito 1
Signatura antigua Olim: N-5600
942 ## - ELEMENTOS DE ENTRADA SECUNDARIOS (KOHA)
Fuente del sistema de clasificación o colocación Clasificación decimal universal
Tipo de ítem Koha Libro impreso
Holdings
Estatus retirado Estado de pérdida Fuente del sistema de clasificación o colocación Estado de daño No para préstamo Biblioteca de origen Biblioteca actual Ubicación en estantería Fecha de adquisición Fuente de adquisición Total de préstamos Signatura topográfica completa Código de barras Visto por última vez Precio de reemplazo Tipo de ítem Koha
    Clasificación decimal universal     Biblioteca del Ateneo de Madrid Biblioteca del Ateneo de Madrid Depósito 1 06/05/2013 Donación   A-12597 1191146 23/02/2023 23/02/2023 Libro impreso